| 000 | 00570nam a2200205 a 4500 | ||
|---|---|---|---|
| 005 | 20140310183224.0 | ||
| 008 | 031122s19uu xx 00 eng d | ||
| 020 | _a9780750651691 | ||
| 050 |
_aG 155.A1 _b.Sw885 2003 |
||
| 100 | _aSwarbrooke, John | ||
| 245 |
_aThe development and management of visitor attractions / _cJohn Swarbrooke. |
||
| 250 | _a2nd ed. | ||
| 260 |
_aOxford : _bButterworth Heinemann, _c2002. |
||
| 300 |
_a406 p. : _c25 cm. |
||
| 521 | _aTOU | ||
| 650 | _aTourism | ||
| 650 | _aLeisure industry | ||
| 942 |
_cBK _2lcc _kFOR |
||
| 999 |
_c20361 _d20361 |
||